| 000 | 00483nam a2200181Ia 4500 | ||
|---|---|---|---|
| 001 | 8829 | ||
| 005 | 20260306160638.0 | ||
| 008 | 260306t2009||||xx |||||||||||||| ||spa|| | ||
| 041 | _aESP | ||
| 082 |
_a371.4 _bCH533P |
||
| 100 |
_aChávez Contreras, Ángel _eAUT |
||
| 245 | 0 |
_aMis sesiones de tutoría: _bapoyo a la construcción de la identidad y convivencia democrática |
|
| 260 | _c2009 | ||
| 300 |
_a _c29 cm. |
||
| 650 | _aGEN | ||
| 654 | _aCED | ||
| 942 |
_cLIB _dJUS _fJUS _2ddc _n |
||
| 999 |
_c8829 _d8829 |
||